Datum a čas kvízu
33
Celkem bodů
Celkový počet nahraných bodů na tomto kvízu bez doplňovacích otázek.
2.
Pořadí na kvízu
Konečné umístění týmu na tomto kvízu.
Zaznamenané odpovědi
| # | Otázka | Odpověď | Body | Výsledky |
|---|---|---|---|---|
| 1. | Fenomenální formu na play-off... | Aleš Stezka | 1 | |
| 2. | Jedním z nejprestižnějších svě... | Sparta Praha, 2. místo | 1 | |
| 3. | MS v ledním hokeji 2024 v Česk... | Polsko | 1 | |
| 4. | Pouhé 3 minuty a 49 sekund sta... | Lukáš Rousek | 0 | |
| 5. | Který tým se v sezóně 2022/23... | HC Košice | 1 | |
| 6. | Většina obsahu tohoto tématu n... | dvakrát | 1 | |
| 7. | Jak se jmenoval tento člen Sín... | Bohumil Modrý | 0 | |
| 8. | Kdo byl kapitánem českoslovens... | František Pospíšil | 0 | |
| 9. | Přiřaďte zaniklé týmy NHL vlev... | 1C 2D 3A 4B | 1 | |
| 10. | Kterou přezdívku na S měl mezi... | Starej | 0 |